000 01469nam a22004217a 4500
001 000064747
003 CHAP
005 20220817043030.0
008 971010s1986 r 00010 d
010 _a63430
011 _a64402
020 _a968884036X
035 _a69722020
040 _cCHAP
082 0 4 _a751.73
_bR6
100 0 0 _aRodríguez, Antonio.
_998979
245 1 0 _aCanto a la tierra :
_blos murales de Diego Rivera en la capilla de Chapingo.
260 _aChapingo, Méx. :
_bUACH,
_c1986.
300 _a25 p. :
_b: ilus.
590 _aBATCH-UPD
_b10
_c20130110
_lUCH01
_h1343
590 _aBATCH-UPD
_b10
_c20130410
_lUCH01
_h0843
590 _aBATCH-UPD
_b10
_c20130914
_lUCH01
_h1914
590 _aCONVERSION
_b10
_c20130109
_lUCH01
_h1334
590 _aE11695DGD
_b10
_c20171112
_lUCH01
_h1201
590 _aE5765TAJ
_b05
_c20171107
_lUCH01
_h0754
650 1 4 _aPintura mural
_xMéxico.
_988314
650 1 4 _aRivera, Diego,
_y1886-1975.
_997782
710 0 _aUACH.
790 _aMurales de Diego Rivera
901 _aBK
942 _cLIBRO
942 _n0
949 _a751.73 R6
_bBC
_cLIBRO
_d33724000089488
_eLIBRO
_fc.4
_h68230
_i69722
_si
949 _a751.73 R6
_bBC
_cLIBRO
_d33724000918439
_eLIBRO
_fc.3
_h68229
_i69722
_si
949 _a751.73 R6
_bBC
_cLIBRO
_d33724000918504
_eLIBRO
_h68227
_i69722
_si
949 _a751.73 R6
_bBC
_cLIBRO
_d33724002063868
_eLIBRO
_fc.2
_h68228
_i69722
_si
949 _a751.73 R6
_bBC
_cUACH
_d-149824
_eUACH
_fc.5
_h68231
_i69722
_si
999 _c63430
_d63430